The press effect : politicians, journalists, and the stories that shape the political world (Record no. 118786)
[ view plain ]
| 000 -LEADER | |
|---|---|
| fixed length control field | 01800cam a22003734a 4500 |
| 001 - CONTROL NUMBER | |
| control field | 5435794 |
| 003 - CONTROL NUMBER IDENTIFIER | |
| control field | ARRUPE |
| 005 - DATE AND TIME OF LATEST TRANSACTION | |
| control field | 20150220020008.0 |
| 006 - FIXED-LENGTH DATA ELEMENTS--ADDITIONAL MATERIAL CHARACTERISTICS--GENERAL INFORMATION | |
| fixed length control field | m u |
| 007 - PHYSICAL DESCRIPTION FIXED FIELD--GENERAL INFORMATION | |
| fixed length control field | cr cn||||||||| |
| 008 - FIXED-LENGTH DATA ELEMENTS--GENERAL INFORMATION | |
| fixed length control field | 020625s2003 enk s 001 0 eng |
| 010 ## - LIBRARY OF CONGRESS CONTROL NUMBER | |
| Canceled/invalid LC control number | 2002009845 |
| 020 ## - INTERNATIONAL STANDARD BOOK NUMBER | |
| Cancelled/invalid ISBN | 0195152778 |
| 035 ## - SYSTEM CONTROL NUMBER | |
| System control number | (CaPaEBR)ebr10085208 |
| 035 ## - SYSTEM CONTROL NUMBER | |
| System control number | (NNC)5435794 |
| 040 ## - CATALOGING SOURCE | |
| Original cataloging agency | CaPaEBR |
| Transcribing agency | CaPaEBR |
| 043 ## - GEOGRAPHIC AREA CODE | |
| Geographic area code | n-us--- |
| 050 14 - LIBRARY OF CONGRESS CALL NUMBER | |
| Classification number | PN4888.O25 |
| Item number | J36 2002 |
| 300 ## - PHYSICAL DESCRIPTION | |
| Dimensions | 25 cm. |
| 100 1# - MAIN ENTRY--PERSONAL NAME | |
| Personal name | Jamieson, Kathleen Hall. |
| 9 (RLIN) | 4232 |
| 245 14 - TITLE STATEMENT | |
| Title | The press effect : politicians, journalists, and the stories that shape the political world |
| Medium | [electronic resource] / |
| Statement of responsibility, etc | Kathleen Hall Jamieson & Paul Waldman. |
| 260 ## - PUBLICATION, DISTRIBUTION, ETC. (IMPRINT) | |
| Place of publication, distribution, etc | Oxford ; |
| -- | New York : |
| Name of publisher, distributor, etc | Oxford University Press, |
| Date of publication, distribution, etc | 2003. |
| 300 ## - PHYSICAL DESCRIPTION | |
| Extent | xvii, 220 p. ; |
| 500 ## - GENERAL NOTE | |
| General note | Includes bibliographical references and index. |
| 505 8# - FORMATTED CONTENTS NOTE | |
| Formatted contents note | Machine generated contents note: CHAPTER 1 : The Press as Storyteller 1 -- CHAPTER 2 : The Press as Amateur Psychologist, Part I 24 -- CHAPTER 3 : The Press as Amateur Psychologist, Part II 41 -- CHAPTER 4 : The Press as Soothsayer 74 -- CHAPTER 5 : The Press as Shaper of Events 95 CHAPTER 6 : The Press as Patriot 130 CHAPTER 7 : The Press as Custodian of Fact 165. |
| 533 ## - REPRODUCTION NOTE | |
| Type of reproduction | Electronic reproduction. |
| Place of reproduction | Palo Alto, Calif. : |
| Agency responsible for reproduction | ebrary, |
| Date of reproduction | 2005. |
| Note about reproduction | Available via World Wide Web. |
| -- | Access may be limited to ebrary affiliated libraries. |
| 650 #0 - SUBJECT ADDED ENTRY--TOPICAL TERM | |
| Topical term or geographic name as entry element | Journalism |
| General subdivision | Objectivity |
| Geographic subdivision | United States. |
| 9 (RLIN) | 4233 |
| 651 #0 - SUBJECT ADDED ENTRY--GEOGRAPHIC NAME | |
| Geographic name | United States |
| General subdivision | Politics and government |
| Chronological subdivision | 1993-2001. |
| 9 (RLIN) | 4234 |
| 655 #7 - INDEX TERM--GENRE/FORM | |
| Genre/form data or focus term | Electronic books. |
| Source of term | local |
| 9 (RLIN) | 4235 |
| 700 1# - ADDED ENTRY--PERSONAL NAME | |
| Personal name | Waldman, Paul. |
| 9 (RLIN) | 4236 |
| 710 2# - ADDED ENTRY--CORPORATE NAME | |
| Corporate name or jurisdiction name as entry element | ebrary, Inc. |
| 9 (RLIN) | 4237 |
| 856 40 - ELECTRONIC LOCATION AND ACCESS | |
| Uniform Resource Identifier | <a href="http://www.columbia.edu/cgi-bin/cul/resolve?clio5435794">http://www.columbia.edu/cgi-bin/cul/resolve?clio5435794</a> |
| Public note | Click here for full text. |
| 942 ## - ADDED ENTRY ELEMENTS (KOHA) | |
| Source of classification or shelving scheme | Library of Congress Classification |
| Koha item type | Monograph ( Printed materials) |
| Koha issues (borrowed), all copies | 1 |
| Withdrawn status | Lost status | Source of classification or shelving scheme | Damaged status | Not for loan | Home library | Current library | Shelving location | Date acquired | Total Checkouts | Full call number | Barcode | Date last seen | Date checked out | Price effective from | Koha item type |
|---|---|---|---|---|---|---|---|---|---|---|---|---|---|---|---|
| Library of Congress Classification | ARRUPE LIBRARY | ARRUPE LIBRARY | Main Collection | 27/11/2013 | 1 | PN4888.O25 J36 2002 | 46411005 | 27/03/2019 | 19/02/2015 | 27/11/2013 | Monograph ( Printed materials) |